Trouvez le titre des chansons en trouvant les paroles #3 - Statistiques

Statistiques générales
  • Ce quiz a été pris 318 fois
  • Le résultat moyen est 98 sur 150
Statistiques - réponses
Réponse % Correct
Les Champs-Élysées À
99%
Les Champs-Élysées | Ma philosophie à
99%
Les Champs-Élysées a
99%
Je suis un homme | Ma philosophie | Tout oublier j'
96%
Ma philosophie J'
96%
Ma philosophie S'
96%
Je suis un homme | Ma philosophie | Manhattan-Kaboul | Tout oublier l'
95%
Les Champs-Élysées c'
94%
Je suis un homme | Ma philosophie | Tout oublier le
93%
Tout oublier là,
92%
Les Champs-Élysées | Ma philosophie | Manhattan-Kaboul la
92%
Ma philosophie n'
92%
Ma philosophie | Tout oublier ai
91%
Ma philosophie il
91%
Tout oublier il
90%
Les Champs-Élysées Il
90%
Je suis un homme Je
90%
Tout oublier je
90%
Je suis un homme me
90%
Ma philosophie me
89%
Je suis un homme | Manhattan-Kaboul de
87%
Ma philosophie et
87%
Je suis un homme Tu
87%
Je suis un homme | Ma philosophie pas
85%
Je suis un homme qu'
83%
Les Champs-Élysées ou
82%
Ma philosophie Des
80%
Je suis un homme un
79%
Je suis un homme | Les Champs-Élysées Au
78%
Tout oublier Ce
78%
Je suis un homme des
78%
Ma philosophie en
78%
Tout oublier mais
78%
Ma philosophie Mais
78%
Je suis un homme on
78%
Ma philosophie Ça
77%
Manhattan-Kaboul au
76%
Tout oublier On
76%
Les Champs-Élysées que
76%
Je suis un homme suis
75%
Les Champs-Élysées vous
73%
Manhattan-Kaboul mais
71%
Tout oublier Pour
70%
Les Champs-Élysées tout
69%
Les Champs-Élysées | Ma philosophie y
69%
Ma philosophie fait
68%
Ma philosophie faut,
67%
Tout oublier y
67%
Tout oublier si
66%
Je suis un homme vois,
65%
Tout oublier Tout,
64%
Tout oublier tout
64%
Ma philosophie cœur
63%
Tout oublier veux,
63%
Ma philosophie encore
62%
Ma philosophie Même
62%
Ma philosophie toujours,
62%
Ma philosophie crois
61%
Ma philosophie peur
60%
Ma philosophie déjà
59%
Je suis un homme homme,
59%
Ma philosophie Lune
59%
Ma philosophie ferai
58%
Ma philosophie levé
58%
Ma philosophie poing
58%
Manhattan-Kaboul si
58%
Les Champs-Élysées sous
58%
Tout oublier aurai
57%
Ma philosophie sacrifices
57%
Ma philosophie usure
57%
Ma philosophie Viser
57%
Manhattan-Kaboul du
56%
Je suis un homme roi
56%
Je suis un homme roi,
56%
Les Champs-Élysées voulez
56%
Les Champs-Élysées Aux
55%
Je suis un homme cons.
55%
Je suis un homme fond,
54%
Les Champs-Élysées soleil,
54%
Je suis un homme illusion
53%
Ma philosophie Ma philosophie
53%
Les Champs-Élysées pluie
53%
Je suis un homme pardonne
52%
Les Champs-Élysées Champs-
51%
Les Champs-Élysées Élysées
51%
Les Champs-Élysées midi
51%
Les Champs-Élysées minuit
51%
Tout oublier croire,
50%
Tout oublier trop
49%
Les Champs-Élysées Les Champs-Élysées
48%
Tout oublier bonheur,
47%
Tout oublier oublier
47%
Tout oublier faudrait
46%
Tout oublier joue,
46%
Tout oublier joué
46%
Je suis un homme Je suis un homme
45%
Manhattan-Kaboul sur
45%
Tout oublier Tout oublier
42%
Manhattan-Kaboul monde,
28%
Manhattan-Kaboul bout
25%
Manhattan-Kaboul Deux
13%
Manhattan-Kaboul deux
13%
Manhattan-Kaboul différents
8%
Manhattan-Kaboul pourtant
8%
Manhattan-Kaboul anonymes,
7%
Manhattan-Kaboul autel,
7%
Manhattan-Kaboul éternelle
7%
Manhattan-Kaboul étrangers
7%
Manhattan-Kaboul inconnus,
7%
Manhattan-Kaboul Manhattan-Kaboul
7%
Manhattan-Kaboul Pulvérisés
7%
Manhattan-Kaboul violence
7%
Aucun quiz correspondant
Distribution des résultats
% des personnes avec chaque résultat
Percentile par nombre de réponses
Votre historique - résultats
Vous n’avez pas pris ce quiz